|
|
|
|
| LEADER |
00000nam0a2200000 4500 |
| 001 |
284850 |
| 005 |
20231101235733.0 |
| 020 |
|
|
|a RU
|b 85-10139
|
| 035 |
|
|
|a (RuTPU)RU\TPU\book\309041
|
| 090 |
|
|
|a 284850
|
| 100 |
|
|
|a 20150218d1985 km y0rusy5003 ca
|
| 101 |
0 |
|
|a rus
|
| 102 |
|
|
|a UA
|
| 105 |
|
|
|a a z 001zy
|
| 200 |
1 |
|
|a Статика анизотропных толстостенных оболочек
|f Я. М. Григоренко, А. Т. Василенко, Н. Д. Панкратова
|
| 210 |
|
|
|a Киев
|c Вища школа
|d 1985
|
| 215 |
|
|
|a 190 с.
|c ил.
|
| 320 |
|
|
|a Библиогр.: с. 185-190
|
| 606 |
|
|
|a Оболочки анизотропные
|2 stltpush
|3 (RuTPU)RU\TPU\subj\46495
|9 65635
|
| 610 |
1 |
|
|a статика
|
| 610 |
1 |
|
|a теория упругости
|
| 610 |
1 |
|
|a неоднородные оболочки
|
| 610 |
1 |
|
|a краевые задачи
|
| 610 |
1 |
|
|a напряжения
|
| 610 |
1 |
|
|a перемещения
|
| 610 |
1 |
|
|a относительная толщина
|
| 675 |
|
|
|a 539.3
|z rus
|v 3
|
| 700 |
|
1 |
|a Григоренко
|b Я. М.
|g Ярослав Михайлович
|
| 701 |
|
1 |
|a Василенко
|b А. Т.
|g Анатолий Тихонович
|
| 701 |
|
1 |
|a Панкратова
|b Н. Д.
|g Наталья Дмитриевна
|
| 801 |
|
0 |
|a RU
|b RuMRKP
|c 19950704
|g psbo
|
| 801 |
|
1 |
|a RU
|b 63413507
|c 20150218
|
| 801 |
|
2 |
|a RU
|b 63413507
|c 20171107
|g RCR
|
| 942 |
|
|
|c BK
|